| 000 | 01029nam a22002657a 4500 | ||
|---|---|---|---|
| 005 | 20240530110945.0 | ||
| 008 | 221114s 2021ua a g b 000 0 ara d | ||
| 017 |
_a2388/2021 _bمصر. دار الكتب |
||
| 020 | _a9789773196257 | ||
| 040 |
_aEG-CaGPL _cEG-CaGPL |
||
| 082 | 0 | 4 |
_221 _a327.1 _bم أ |
| 245 | 0 | 0 |
_aازمة جائحة كورونا والنظام العالمى / _cتحرير ومراجعة مثنى فائق مرعى ؛ احمد على محمد ...[واخ] |
| 250 | _aط.1 | ||
| 260 |
_aالقاهرة : _bالعربى للنشر و التوزيع، _c2021. |
||
| 300 |
_a256 ص. : _bايض ؛ _c24 سم. |
||
| 504 | _aيشتمل على ارجاعات ببليوجرافية | ||
| 650 | 0 | 7 |
_2qrmak _aكورونا |
| 650 | 0 | 7 |
_2qrmak _aالاوبئة |
| 650 | 0 | 7 |
_2qrmak _aالامراض _xعدوى |
| 650 | 0 | 7 |
_2qrmak _aالامراض المعدية |
| 650 | 0 | 7 |
_2qrmak _aكورونا _xالنظام العالمى |
| 651 | _2qrmak | ||
| 942 |
_2ddc _cBK |
||
| 999 |
_c66891 _d66891 |
||